Normal view
MARC view
- Ghiani, Gianpaolo
Entry Personal Name
001 - CONTROL NUMBER
- control field: 86183
003 - CONTROL NUMBER IDENTIFIER
- control field: NUST
005 - DATE AND TIME OF LATEST TRANSACTION
- control field: 20211209111425.0
008 - FIXED-LENGTH DATA ELEMENTS
- fixed length control field: 211209|| aca||aabn | a|a d
040 ## - CATALOGING SOURCE
- Original cataloging agency: NUST
- Transcribing agency: NUST
100 ## - HEADING--PERSONAL NAME
- Personal name: Ghiani, Gianpaolo
670 ## - SOURCE DATA FOUND
- Source citation: Work cat.: (NUST)32225: Ghiani, Gianpaolo., Introduction to Logistics Systems Planning and Control /, c2004.
